00643nam a2200169Ia 4500008004100000020001400041082002100055100004800076245005500124250001600179260004600195300001000241856007000251942001200321999001900333952012100352210430s9999 xx 000 0 und d a618433899 a808.0666 R5851 T aDaniel G Riordan, Steven E. Pauley.9128994 aTechnical Report Writing Today /cDaniel G Riordan a8th edition aIslamabadbNational Book Foundationc2010 a598p. uhttp://www.amazon.com/exec/obidos/ASIN/0618433899/chopaconline-20 cBK2ddc c564321d564321 00102ddc4070aSCMEbSCMEcGENd0000-00-00l1o808.0666 R5851 TpSCME-3520r2023-03-21s2023-02-01w2021-04-30yBK